Serie del ABC de la Orientación Documento 1 Tareas básicas de la ordenación: Construyendo Buenas Prácticas en los Centros Educativos (Record no. 8703)

MARC details
000 -LEADER
campo de control de longitud fija 00489nam a2200133Ia 4500
001 - NÚMERO DE CONTROL
campo de control 1231
008 - DATOS DE LONGITUD FIJA--INFORMACIÓN GENERAL
campo de control de longitud fija 241024s9999 xx 000 0 und d
082 ## - NÚMERO DE LA CLASIFICACIÓN DECIMAL DEWEY
Número de clasificación RD/372.3/R426s/2007/1
100 ## - ENTRADA PRINCIPAL--NOMBRE DE PERSONA
Nombre de persona República Dominicana.Secretaría de Estado de Educación
245 #0 - MENCIÓN DEL TÍTULO
Título Serie del ABC de la Orientación Documento 1 Tareas básicas de la ordenación: Construyendo Buenas Prácticas en los Centros Educativos
260 ## - PUBLICACIÓN, DISTRIBUCIÓN, ETC.
Nombre del editor, distribuidor, etc. [*SIN EDITORIAL*]
Fecha de publicación, distribución, etc. 2007
901 ## - ELEMENTOS DE DATOS A LOCAL LDA (RLIN)
a 24/2/2011 12:57:18 p.m.

No items available.

© 2024. Todos los Derechos Reservados. Desarrollado por IDEICE